<?xml version="1.0" encoding="UTF-8"?><marc:collection xmlns:marc="http://www.loc.gov/MARC21/slim">
  <marc:record>
    <marc:leader>00000nam  2200000za 4500</marc:leader>
    <marc:controlfield tag="001">9.686547</marc:controlfield>
    <marc:controlfield tag="003">CaOODSP</marc:controlfield>
    <marc:controlfield tag="005">20210624230602</marc:controlfield>
    <marc:controlfield tag="007">cr |||||||||||</marc:controlfield>
    <marc:controlfield tag="008">150407s2003    onc|||||o    f|0| 0 eng d</marc:controlfield>
    <marc:datafield tag="020" ind1=" " ind2=" ">
      <marc:subfield code="a">0-662-34373-5</marc:subfield>
    </marc:datafield>
    <marc:datafield tag="040" ind1=" " ind2=" ">
      <marc:subfield code="a">CaOODSP</marc:subfield>
      <marc:subfield code="b">eng</marc:subfield>
    </marc:datafield>
    <marc:datafield tag="043" ind1=" " ind2=" ">
      <marc:subfield code="a">n-cn---</marc:subfield>
    </marc:datafield>
    <marc:datafield tag="086" ind1="1" ind2=" ">
      <marc:subfield code="a">H21-183/2003E-IN</marc:subfield>
    </marc:datafield>
    <marc:datafield tag="110" ind1="1" ind2=" ">
      <marc:subfield code="a">Canada.</marc:subfield>
      <marc:subfield code="b">Health Canada. </marc:subfield>
      <marc:subfield code="b">Population and Public Health Branch.</marc:subfield>
    </marc:datafield>
    <marc:datafield tag="245" ind1="1" ind2="0">
      <marc:subfield code="a">Early childhood development activities and expenditures report </marc:subfield>
      <marc:subfield code="h">[electronic resource] : </marc:subfield>
      <marc:subfield code="b">Government of Canada Report, 2002-2003.</marc:subfield>
    </marc:datafield>
    <marc:datafield tag="246" ind1="1" ind2=" ">
      <marc:subfield code="i">On title page : </marc:subfield>
      <marc:subfield code="a">Early learning and child care activities and expenditures: baseline report 2002-2003</marc:subfield>
    </marc:datafield>
    <marc:datafield tag="260" ind1=" " ind2=" ">
      <marc:subfield code="a">Ottawa : </marc:subfield>
      <marc:subfield code="b">Health Canada, </marc:subfield>
      <marc:subfield code="c">2003.</marc:subfield>
    </marc:datafield>
    <marc:datafield tag="300" ind1=" " ind2=" ">
      <marc:subfield code="a">132 p. : </marc:subfield>
      <marc:subfield code="b">illus., references, tables.</marc:subfield>
    </marc:datafield>
    <marc:datafield tag="500" ind1=" " ind2=" ">
      <marc:subfield code="a">Co-published by Health Canada, Human Resources Development Canada, and Indian and Northern Affairs Canada. On title page: Federal/Provincial/Territorial Early Childhood Development Agreement. Multilateral Framework on Early Learning and Child Care.</marc:subfield>
    </marc:datafield>
    <marc:datafield tag="520" ind1="3" ind2=" ">
      <marc:subfield code="a">This report is the Government of Canada’s fulfillment of the commitment to report annually on the progress it has made in enhancing early childhood development programs and services since the ECD Agreement was put in place. It also includes the Government of Canada’s baseline report on all early learning and childcare programs and services as defined in the Multilateral Framework on Early Learning and Child Care.</marc:subfield>
    </marc:datafield>
    <marc:datafield tag="590" ind1=" " ind2=" ">
      <marc:subfield code="a">04-02</marc:subfield>
      <marc:subfield code="b">2004-01-09</marc:subfield>
    </marc:datafield>
    <marc:datafield tag="775" ind1="0" ind2="8">
      <marc:subfield code="t">Activités et dépenses relatives au développement de la petite enfance </marc:subfield>
      <marc:subfield code="w">(CaOODSP)9.631014</marc:subfield>
    </marc:datafield>
    <marc:datafield tag="776" ind1="0" ind2="#">
      <marc:subfield code="t">Early childhood development activities and expenditures : </marc:subfield>
      <marc:subfield code="w">(CaOODSP)9.664733</marc:subfield>
    </marc:datafield>
    <marc:datafield tag="776" ind1="0" ind2="#">
      <marc:subfield code="t">Activités et dépenses relatives au développement de la petite enfance : </marc:subfield>
      <marc:subfield code="w">(CaOODSP)9.664734</marc:subfield>
    </marc:datafield>
    <marc:datafield tag="794" ind1=" " ind2=" ">
      <marc:subfield code="t">Early childhood development activities and expenditures - Early learning and child care activities and expenditures </marc:subfield>
      <marc:subfield code="w">(CaOODSP)9.687193</marc:subfield>
    </marc:datafield>
    <marc:datafield tag="795" ind1=" " ind2=" ">
      <marc:subfield code="t">Early childhood development activities and expenditures </marc:subfield>
      <marc:subfield code="w">(CaOODSP)9.686373</marc:subfield>
    </marc:datafield>
    <marc:datafield tag="856" ind1="4" ind2="0">
      <marc:subfield code="a">http://publications.gc.ca</marc:subfield>
      <marc:subfield code="q">PDF</marc:subfield>
      <marc:subfield code="s">969 KB</marc:subfield>
      <marc:subfield code="u">https://publications.gc.ca/collections/Collection/H21-183-2003E.pdf</marc:subfield>
    </marc:datafield>
  </marc:record>
</marc:collection>
